000 00483nab a2200145Ia 4500
003 ES-SlBCS
005 20210601124412.0
008 140529s1973 xxu||||| |||| 00| 0 eng d
041 _aeng
100 1 _aPeccorini, Francisco L.
_950723
245 0 4 _aThe Ontological Route in the Light of Marcel and Sciacca
_c Francisco L. Peccorini
600 1 _aMarcel, Gabriel-Sciacca
_9141510
773 0 _tGiornali di Metafisica
_gvol. 28, nº. 5-6, 1973, págs. 481-522
_w0017-0372
942 _cAR
999 _c514225
_d514225